[Event "40. Turnaj sachovych nadeji - Pobeskydi Open"]
[Site "ND Frydek-Mistek, Czech Republic"]
[Date "2019.04.20"]
[Round "5"]
[White "Shilov, Sergej"]
[Black "Strnad, Michael"]
[Result "1-0"]
[WhiteElo "2158"]
[BlackElo "1605"]
[PlyCount "0"]
[EventDate "2019.04.18"]

1. d4 Nf6 2. c4 e6 3. Nf3 d5 4. g3 Bb4+ 5. Bd2 Bd6 6. Nc3 O-O 7. Bg2 c6 8. O-O
Nbd7 9. Qc2 dxc4 10. Rad1 Qe7 11. Ne4 Nxe4 12. Qxe4 Nf6 13. Qc2 b5 14. e4 Bb4
15. e5 Nd5 16. Ng5 g6 17. Bc1 f6 18. exf6 Qxf6 19. h4 Qg7 20. Be4 Be7 21. Nf3
Rf5 22. Bg5 Rxf3 23. Bxf3 Bxg5 24. hxg5 e5 25. dxe5 Be6 26. Rfe1 Qf7 27. Qe2
Rf8 28. Bg2 Qf5 29. Qd2 b4 30. Re4 c3 31. bxc3 bxc3 32. Qe1 Qxg5 33. Rc4 Qf5
34. Rxc6 h5 35. Rxe6 1-0

[Event "40. Turnaj sachovych nadeji - Pobeskydi Open"]
[Site "ND Frydek-Mistek, Czech Republic"]
[Date "2019.04.20"]
[Round "5"]
[White "Vantuch, Lucian"]
[Black "Pilch, Roman"]
[Result "0-1"]
[WhiteElo "1964"]
[BlackElo "2148"]
[PlyCount "0"]
[EventDate "2019.04.18"]

1. e4 b6 2. d4 Bb7 3. Nc3 g6 4. Be3 Bg7 5. Qd2 d6 6. f3 Nd7 7. g4 h6 8. h4 e5
9. d5 Ne7 10. h5 g5 11. O-O-O a6 12. Kb1 Bf6 13. Nh3 Nc5 14. Be2 Bc8 15. Rdg1
Rg8 16. Rd1 Bd7 17. Bxc5 bxc5 18. b3 Qb8 19. a4 Qb7 20. Qd3 Nc8 21. Kc1 Qb4 22.
Kd2 Nb6 23. Ke3 Qd4+ 24. Kd2 c4 25. bxc4 Bxa4 26. Qxd4 exd4 27. Nxa4 Nxa4 28.
Ra1 Nc5 29. Ra5 Kd7 30. Bd3 Be5 31. Rha1 Rgb8 32. Ng1 Rb2 33. R5a3 Rab8 34. Rf1
Bf4+ 35. Ke2 Ke7 36. Nh3 Kf6 37. Nxf4 gxf4 38. Ra5 Kg5 39. Rfa1 Nb3 40. Rxa6
Nxa1 41. Rxa1 Rb1 42. Ra7 R8b7 43. Ra8 Rh1 44. Kd2 Rbb1 45. Be2 Rh2 46. e5 dxe5
47. c5 e4 48. d6 cxd6 49. cxd6 Rb7 50. Rg8+ Kh4 51. g5 Rg2 52. Rg7 Rxg5 53.
Rxg5 Kxg5 54. fxe4 Rd7 55. e5 Kf5 56. Bb5 Rd8 57. d7 Kxe5 58. Ke2 Kf5 59. Kf3
Kg5 60. Ba4 Kf5 61. Bc6 Kg5 62. Ke4 Kxh5 63. Kxd4 Kg5 64. Ke5 f3 65. Kd6 Kf4
66. Ke7 Rh8 67. d8=Q Rxd8 68. Kxd8 h5 69. c4 h4 70. Bd7 f2 71. Bh3 Kg3 72. Bf1
h3 73. c5 h2 74. c6 h1=Q 75. c7 Qd5+ 76. Ke8 Qc6+ 77. Kd8 Qd6+ 78. Kc8 Kh2 79.
Kb7 Qb4+ 80. Ka6 Qc5 81. Kb7 Kg1 0-1

[Event "40. Turnaj sachovych nadeji - Pobeskydi Open"]
[Site "ND Frydek-Mistek, Czech Republic"]
[Date "2019.04.20"]
[Round "5"]
[White "Mica, Marek"]
[Black "Day, Timothy"]
[Result "1-0"]
[WhiteElo "2139"]
[BlackElo "1513"]
[PlyCount "0"]
[EventDate "2019.04.18"]

1. d4 f5 2. c4 Nf6 3. Nf3 g6 4. b4 Bg7 5. Bb2 O-O 6. g3 d6 7. Bg2 c6 8. O-O Be6
9. Nbd2 h6 10. Qc2 Nbd7 11. a4 Bf7 12. b5 Qe8 13. bxc6 bxc6 14. Ba3 Rc8 15.
Rab1 Ne4 16. Nxe4 fxe4 17. Qxe4 Bxc4 18. Bh3 Bd5 19. Be6+ Kh8 20. Bxd5 cxd5 21.
Qxd5 Nf6 22. Qb5 Qf7 23. Rfc1 Qe6 24. Kg2 g5 25. h3 g4 26. hxg4 Qxg4 27. Rxc8
Rxc8 28. Rc1 Rxc1 29. Bxc1 Nh5 30. Qe8+ Kh7 31. Qxe7 Kg6 32. Qxd6+ Nf6 33. Bxh6
1-0

[Event "40. Turnaj sachovych nadeji - Pobeskydi Open"]
[Site "ND Frydek-Mistek, Czech Republic"]
[Date "2019.04.20"]
[Round "5"]
[White "Kostecka, Marika"]
[Black "Babula, Vlastimil"]
[Result "0-1"]
[WhiteElo "1782"]
[BlackElo "2074"]
[PlyCount "0"]
[EventDate "2019.04.18"]

1. e4 c5 2. Nf3 d6 3. d4 cxd4 4. Nxd4 Nf6 5. Nc3 a6 6. Be3 e6 7. f3 b5 8. Qd2
Bb7 9. g4 Nfd7 10. O-O-O Nb6 11. f4 b4 12. Nb1 Bxe4 13. Rg1 d5 14. f5 e5 15.
Nb3 Be7 16. Qf2 Bh4 17. Qd2 d4 18. Bxd4 exd4 19. Qe2 Qe7 20. f6 gxf6 0-1

[Event "40. Turnaj sachovych nadeji - Pobeskydi Open"]
[Site "ND Frydek-Mistek, Czech Republic"]
[Date "2019.04.20"]
[Round "5"]
[White "Trybus, Daniel"]
[Black "Miculka, Petr"]
[Result "0-1"]
[WhiteElo "1998"]
[BlackElo "2041"]
[PlyCount "0"]
[EventDate "2019.04.18"]

1. d4 Nf6 2. Nf3 g6 3. c4 Bg7 4. Nc3 O-O 5. Bg5 d6 6. e3 Na6 7. Be2 c5 8. O-O
Bd7 9. Qc2 Nc7 10. Rfd1 cxd4 11. Nxd4 a6 12. Bf3 Rb8 13. Rac1 Qc8 14. Na4 Bxa4
15. Qxa4 Ne6 16. Bh4 Nxd4 17. Rxd4 Qf5 18. Rd2 g5 19. Bg3 Ne4 20. Bxe4 Qxe4 21.
Qa5 f5 22. c5 Rbc8 23. Rdc2 dxc5 24. Rc4 Qd3 25. Qb6 Qd7 26. h4 gxh4 27. Bxh4
f4 28. Rxc5 fxe3 29. Qb3+ Kh8 30. Qxe3 Rxc5 31. Rxc5 Bxb2 32. Bxe7 Bd4 33. Qh6
Bxf2+ 34. Kh1 Qd1+ 35. Kh2 Qg1+ 0-1

[Event "40. Turnaj sachovych nadeji - Pobeskydi Open"]
[Site "ND Frydek-Mistek, Czech Republic"]
[Date "2019.04.20"]
[Round "5"]
[White "Gnojek, Petr"]
[Black "Novacek, Pavel"]
[Result "1/2-1/2"]
[WhiteElo "2016"]
[BlackElo "1934"]
[PlyCount "0"]
[EventDate "2019.04.18"]

1. d4 Nf6 2. c4 g6 3. f3 Bg7 4. e4 d6 5. Nc3 O-O 6. Be3 e5 7. Nge2 Nc6 8. d5
Ne7 9. Qd2 Nd7 10. g4 f5 11. gxf5 gxf5 12. Rg1 f4 13. Bf2 Ng6 14. Nc1 Nf6 15.
c5 b6 16. cxd6 cxd6 17. Nd3 Bd7 18. Nb4 Ne7 19. Nb5 a5 20. Nc2 Bxb5 21. Bxb5
Rb8 22. Na3 Nd7 23. Bh4 Kh8 24. Nc4 Nc5 25. Rxg7 Kxg7 26. Nxe5 dxe5 27. d6 Rf6
28. Bxf6+ Kxf6 29. dxe7 Qxd2+ 30. Kxd2 Kxe7 31. Bc4 Rd8+ 32. Ke2 Ne6 33. Bxe6
Kxe6 34. Rc1 Rd6 35. Rc7 Rd7 36. Rc8 Kd6 37. a4 Rf7 38. Kf2 Rc7 39. Rxc7 Kxc7
40. Ke2 Kc6 41. Kd3 b5 42. Kc3 Kc5 43. axb5 Kxb5 44. b3 Kc5 45. Kd3 Kb4 46. Kc2
Kb5 47. Kc3 1/2-1/2

[Event "40. Turnaj sachovych nadeji - Pobeskydi Open"]
[Site "ND Frydek-Mistek, Czech Republic"]
[Date "2019.04.20"]
[Round "5"]
[White "Kostecki, Samuel"]
[Black "Mrazik, Tomas"]
[Result "1/2-1/2"]
[WhiteElo "1598"]
[BlackElo "1991"]
[PlyCount "0"]
[EventDate "2019.04.18"]

1. e4 c5 2. Nf3 g6 3. d4 cxd4 4. Nxd4 Nc6 5. c4 Bg7 6. Be3 Nf6 7. Nc3 d6 8. Nc2
Ng4 9. Bc1 Qb6 10. Qd2 Be6 11. h3 Nge5 12. b3 O-O 13. Be2 f5 14. exf5 Rxf5 15.
O-O Raf8 16. Na4 Qc7 17. Bb2 Rf4 18. Rae1 Qd7 19. Qe3 Bh6 20. Qg3 Qe8 21. Bc1
Qf7 22. Bxf4 Bxf4 23. Qc3 Qf5 24. b4 Qg5 25. Rd1 Nd7 26. a3 Be5 27. Qe3 Qh4 28.
Nc3 Bf5 29. Bd3 Be6 30. Nd5 Bxd5 1/2-1/2

[Event "40. Turnaj sachovych nadeji - Pobeskydi Open"]
[Site "ND Frydek-Mistek, Czech Republic"]
[Date "2019.04.20"]
[Round "5"]
[White "Barak, David"]
[Black "Mikesch, Dalibor"]
[Result "1-0"]
[WhiteElo "1979"]
[BlackElo "1673"]
[PlyCount "0"]
[EventDate "2019.04.18"]

1. d4 d5 2. c4 e6 3. Nc3 Nf6 4. cxd5 exd5 5. Bg5 Be7 6. e3 O-O 7. Bd3 Nc6 8.
Nge2 Bg4 9. O-O Qd7 10. a3 Bf5 11. Bxf5 Qxf5 12. Bxf6 Bxf6 13. Qb3 Rab8 14.
Nxd5 Na5 15. Qb5 Nc6 16. Nxc7 Qxb5 17. Nxb5 a6 18. Nd6 Be7 19. Nf5 Rfd8 20.
Nxe7+ Nxe7 21. Rac1 Nd5 22. Nc3 Nb6 23. Ne4 Na4 24. b3 Nb6 25. Rc5 Nd7 26. Rc7
b5 27. Nc5 Nxc5 28. Rxc5 Rbc8 29. Rfc1 Rxc5 30. Rxc5 Kf8 31. Rc7 Ke8 32. Kf1
Rd7 33. Rxd7 Kxd7 34. e4 1-0

[Event "40. Turnaj sachovych nadeji - Pobeskydi Open"]
[Site "ND Frydek-Mistek, Czech Republic"]
[Date "2019.04.20"]
[Round "6"]
[White "Havelka, Ondrej"]
[Black "Walek, Petr"]
[Result "0-1"]
[WhiteElo "2156"]
[BlackElo "2241"]
[PlyCount "0"]
[EventDate "2019.04.18"]

1. d4 Nf6 2. c4 g6 3. Nc3 Bg7 4. e4 d6 5. f3 O-O 6. Be3 a6 7. Nge2 c6 8. c5 b6
9. cxd6 exd6 10. g3 Re8 11. Bg2 b5 12. O-O Nbd7 13. Qd2 Nb6 14. b3 Bb7 15. a4
b4 16. Nd1 a5 17. Rc1 Rc8 18. Nb2 Ba6 19. Rc2 Qe7 20. Rfc1 Bxe2 21. Qxe2 Nfd5
22. Nd1 Nxe3 23. Qxe3 c5 24. dxc5 dxc5 25. Kh1 Red8 26. Bh3 Rc6 27. Qe2 c4 28.
bxc4 b3 29. Rd2 Nxc4 30. Rxd8+ Qxd8 31. Kg2 Ne5 32. Rxc6 Nxc6 33. f4 Qd4 34. e5
Bf8 35. Bg4 Qxa4 36. e6 f5 37. e7 Bxe7 38. Qe6+ Kf8 39. Bf3 Nd4 40. Qe5 Nxf3
41. Qh8+ Kf7 42. Qxh7+ Kf6 43. Qh8+ Kf7 44. Qh7+ Kf6 45. Qh8+ Ke6 46. Qg8+ Kd7
47. Qd5+ Kc7 48. Kxf3 Qc6 49. Qxc6+ Kxc6 50. Ke3 Bf6 51. Kd3 a4 0-1

[Event "40. Turnaj sachovych nadeji - Pobeskydi Open"]
[Site "ND Frydek-Mistek, Czech Republic"]
[Date "2019.04.20"]
[Round "6"]
[White "Vojta, Jakub"]
[Black "Stalmach, Richard"]
[Result "1-0"]
[WhiteElo "2094"]
[BlackElo "1991"]
[PlyCount "0"]
[EventDate "2019.04.18"]

1. e4 c5 2. Nf3 e6 3. c4 g6 4. Nc3 Bg7 5. d4 Ne7 6. Be3 O-O 7. dxc5 Nbc6 8. Bd3
f5 9. Qd2 Qa5 10. O-O fxe4 11. Bxe4 Nf5 12. Bxf5 gxf5 13. a3 b6 14. b4 Qa6 15.
Nb5 Qb7 16. Bh6 Rf6 17. Bxg7 Rg6 18. Nd6 Qc7 19. Be5 bxc5 20. b5 Nxe5 21. Nxe5
Rg7 22. Rfe1 Qd8 23. Nxf5 1-0

[Event "40. Turnaj sachovych nadeji - Pobeskydi Open"]
[Site "ND Frydek-Mistek, Czech Republic"]
[Date "2019.04.20"]
[Round "6"]
[White "Burdalev, Kirill"]
[Black "Bakalarz, Mietek"]
[Result "1-0"]
[WhiteElo "2389"]
[BlackElo "2268"]
[PlyCount "0"]
[EventDate "2019.04.18"]

1. d4 Nf6 2. Nf3 d5 3. c4 dxc4 4. Qa4+ c6 5. Qxc4 Be6 6. Qc2 Qa5+ 7. Nc3 Bf5 8.
Qb3 Qb6 9. Qa4 h6 10. g3 e6 11. Bg2 Be7 12. O-O Nbd7 13. Nd2 Qb4 14. Qxb4 Bxb4
15. a3 Be7 16. Nc4 Nb6 17. Na5 O-O-O 18. b4 Nfd5 19. Nd1 Bc2 20. Bd2 Nc7 21.
Nc3 Na4 22. Rac1 Nxc3 23. Bxc3 Ba4 24. d5 exd5 25. Bxg7 Rhg8 26. Bxh6 Rg6 27.
Bf4 b6 28. Bh3+ Ne6 29. Nxc6 Bxc6 30. b5 Bxa3 31. Rxc6+ Kb7 32. Bxe6 fxe6 33.
Rc7+ Ka8 34. Ra1 Rf8 35. Be5 Rg5 36. Rxa3 Rxe5 37. Rcxa7+ 1-0

[Event "40. Turnaj sachovych nadeji - Pobeskydi Open"]
[Site "ND Frydek-Mistek, Czech Republic"]
[Date "2019.04.20"]
[Round "6"]
[White "Petran, Peter"]
[Black "Mica, Marek"]
[Result "1-0"]
[WhiteElo "2242"]
[BlackElo "2139"]
[PlyCount "0"]
[EventDate "2019.04.18"]

1. Nf3 Nf6 2. g3 e6 3. Bg2 b5 4. a4 b4 5. b3 Bb7 6. Bb2 c5 7. d3 d5 8. O-O Be7
9. Nbd2 O-O 10. e4 a5 11. Re1 Nbd7 12. Qe2 dxe4 13. dxe4 Nb6 14. Rad1 Ba6 15.
Nc4 Qe8 16. Nfd2 Rd8 17. Bf1 Nxc4 18. Nxc4 Bxc4 19. Qxc4 Rxd1 20. Rxd1 Qa8 21.
Bg2 Rd8 22. Re1 Nd7 23. e5 Nb6 24. Qg4 Qc8 25. Be4 c4 26. Kg2 Qc5 27. Qe2 g6
28. f4 Nd5 29. bxc4 Nb6 30. Bc1 Nxc4 31. Bd3 Nb6 32. Be3 Qd5+ 33. Qf3 Nxa4 34.
Ra1 Nc5 35. Qxd5 Rxd5 36. Bc4 Rd8 37. Rxa5 Rc8 38. Ra7 Bf8 39. Kf3 h5 40. h3
Rb8 41. Rc7 b3 42. cxb3 Nxb3 43. g4 hxg4+ 44. hxg4 Na5 45. Bd3 Rb3 46. Bc2 Ra3
47. Ke4 Nb3 48. Rc8 Kg7 49. Bb6 Nd2+ 50. Kd4 Nf3+ 51. Kc4 Nd2+ 52. Kb5 Be7 53.
Re8 Rc3 54. Ba4 Bh4 55. g5 Ne4 56. Bd8 Bg3 57. Kb6 Bxf4 58. Bc6 Bxg5 59. Bxe4
Bxd8+ 60. Rxd8 Re3 61. Rd4 Kh6 62. Kc5 Kg5 63. Kd6 f6 64. Kxe6 fxe5 65. Kxe5
Kh5 66. Kf6 Rg3 67. Rd8 Ra3 68. Bxg6+ Kg4 69. Bf5+ Kf4 70. Rd4+ Ke3 71. Re4+
Kf3 72. Kg5 Ra8 73. Rd4 Rg8+ 74. Bg6 Ke2 75. Rd6 Rg7 76. Kf4 Ra7 77. Rc6 Ra3
78. Rc2+ Kf1 79. Be4 Ke1 80. Bf3 Ra6 81. Kg3 Rg6+ 82. Bg4 Rf6 83. Re2+ Kf1 84.
Rd2 Kg1 85. Bf3 Rg6+ 86. Kf4 Rf6+ 87. Ke3 Rh6 88. Rc2 Rh7 89. Rc1+ Kh2 1-0

[Event "40. Turnaj sachovych nadeji - Pobeskydi Open"]
[Site "ND Frydek-Mistek, Czech Republic"]
[Date "2019.04.20"]
[Round "6"]
[White "Pilch, Roman"]
[Black "Matras, Ondrej"]
[Result "1/2-1/2"]
[WhiteElo "2148"]
[BlackElo "2221"]
[PlyCount "0"]
[EventDate "2019.04.18"]

1. b3 e5 2. Bb2 Nc6 3. g3 Nf6 4. Bg2 d6 5. d3 g6 6. e3 Bg7 7. Ne2 Bg4 8. h3 Bd7
9. Nd2 O-O 10. O-O Qc8 11. Kh2 Ne7 12. c4 Bc6 13. e4 Bd7 14. f4 Nc6 15. Qc2 Nh5
16. f5 Bh6 17. d4 exd4 18. g4 Nb4 19. Qd1 d3 20. gxh5 dxe2 21. Qxe2 Nc2 22.
Rac1 Ne3 23. Rf3 Nxg2 24. Qxg2 Bg7 25. Bxg7 Kxg7 26. Rg1 Qe8 27. fxg6 fxg6 28.
hxg6 hxg6 29. Rxf8 Kxf8 30. Qxg6 Qxg6 31. Rxg6 Kf7 32. Rg3 Kf6 33. Kg2 Rh8 34.
Nf3 Rh5 35. h4 Bc6 36. Rg4 b5 37. Rf4+ Ke7 38. Nd4 Bd7 39. cxb5 Bxb5 40. Rf5
Rxf5 41. Nxf5+ Kf6 42. Nd4 Bd7 43. Kf2 a5 44. Ke3 Kg6 45. Kf4 Kh5 46. Nf5 Bb5
47. Nd4 Bd7 48. e5 dxe5+ 49. Kxe5 Kxh4 50. Ne6 Kg3 51. Nxc7 Kf3 52. Kd4 Ke2 53.
Kc3 Kd1 54. a4 Kc1 55. Nd5 Kb1 56. Nb6 Be8 57. Nc4 Ka2 58. Nb2 Bf7 59. Nc4 Be8
60. Nd2 Bf7 61. Nc4 1/2-1/2

[Event "40. Turnaj sachovych nadeji - Pobeskydi Open"]
[Site "ND Frydek-Mistek, Czech Republic"]
[Date "2019.04.20"]
[Round "6"]
[White "Horak, Jan"]
[Black "Barak, David"]
[Result "0-1"]
[WhiteElo "2158"]
[BlackElo "1979"]
[PlyCount "0"]
[EventDate "2019.04.18"]

1. d4 Nf6 2. c4 c5 3. d5 b5 4. cxb5 a6 5. bxa6 g6 6. Nc3 Bxa6 7. e4 Bxf1 8.
Kxf1 d6 9. g3 Bg7 10. Kg2 O-O 11. Nf3 Qb6 12. Re1 Qb7 13. a4 Na6 14. Nd2 Nd7
15. Nc4 Qb4 16. Qd3 Ne5 17. Nxe5 Bxe5 18. Re2 c4 19. Qc2 Nc5 20. Be3 Nd3 21.
Rb1 Rfb8 22. Bd2 Qb3 23. Qxb3 Rxb3 24. f4 Bg7 25. e5 dxe5 26. Re4 Rxb2 27. Rxb2
Nxb2 28. fxe5 f5 29. Re1 Nxa4 30. Ra1 Nb6 31. Rb1 Nxd5 32. Nxd5 Ra2 33. Rd1 Bh6
34. Nxe7+ Kf7 35. Kf3 Bxd2 36. Nd5 c3 37. Nxc3 Bxc3 38. Rd7+ Ke6 39. Rxh7 Bxe5
40. Ke3 Kf6 41. Kf3 Ra3+ 42. Ke2 Rc3 43. Rh8 Kg5 44. Re8 Bc7 45. Rh8 Be5 46.
Re8 Bg7 47. Rg8 Kf6 48. Kf2 Rc2+ 49. Kg1 g5 50. h3 Kf7 51. Rd8 Be5 52. g4 fxg4
53. hxg4 Rc4 54. Rd1 Rxg4+ 55. Kh1 Ra4 56. Kg2 Ra3 0-1

[Event "40. Turnaj sachovych nadeji - Pobeskydi Open"]
[Site "ND Frydek-Mistek, Czech Republic"]
[Date "2019.04.20"]
[Round "6"]
[White "Broz, Petr"]
[Black "Shilov, Sergej"]
[Result "1-0"]
[WhiteElo "1805"]
[BlackElo "2158"]
[PlyCount "0"]
[EventDate "2019.04.18"]

1. e4 c5 2. Nf3 e6 3. c4 Nc6 4. Nc3 Nf6 5. Be2 d5 6. exd5 exd5 7. d4 Be6 8.
cxd5 Nxd5 9. O-O Nxc3 10. bxc3 Be7 11. Rb1 O-O 12. Rxb7 Bxa2 13. c4 Na5 14. Rb2
Bxc4 15. Bxc4 Nxc4 16. Rc2 Na5 17. dxc5 Nc6 18. Bf4 Qxd1 19. Rxd1 Rfd8 20. Bd6
Bf6 21. Rb1 a5 22. Ra2 Nb4 23. Ra3 Nd5 24. Ne5 Bxe5 25. Bxe5 Nb4 26. Bc7 Rdc8
27. Rxa5 Rxa5 28. Bxa5 Nc6 29. Bb6 Kf8 30. f4 Ke7 31. Kf2 Ra8 32. Re1+ Kd7 33.
Rd1+ Ke7 34. Ke3 Ra3+ 35. Rd3 Rxd3+ 36. Kxd3 f5 37. Kc4 Ke6 38. h3 h5 39. h4 g6
40. Bc7 Kd7 41. Be5 Ke6 42. Kb5 Kd7 43. Bf6 Nb8 44. c6+ Nxc6 45. Kc4 Ke6 46.
Kc5 Nb8 47. Bd8 Nd7+ 1-0

[Event "40. Turnaj sachovych nadeji - Pobeskydi Open"]
[Site "ND Frydek-Mistek, Czech Republic"]
[Date "2019.04.20"]
[Round "6"]
[White "Laurincova, Kristyna"]
[Black "Kratochvil, Vit"]
[Result "1-0"]
[WhiteElo "2014"]
[BlackElo "2228"]
[PlyCount "0"]
[EventDate "2019.04.18"]

1. e4 c5 2. Nf3 g6 3. d4 cxd4 4. Nxd4 Bg7 5. Nc3 Nc6 6. Be3 Nf6 7. Bc4 O-O 8.
Bb3 d6 9. h3 Bd7 10. O-O Qa5 11. Re1 Rac8 12. Qd3 Qh5 13. Rad1 a6 14. Qf1 Nxd4
15. Bxd4 Bc6 16. e5 Ne8 17. exd6 exd6 18. Bxg7 Kxg7 19. Nd5 Qh4 20. Re3 Bb5 21.
Qe1 Nf6 22. Ne7 Rcd8 23. Qc3 Qg5 24. Rd5 Qh4 25. Rd4 Qg5 26. Rd5 Qh4 27. Rf3
Be2 28. g3 Qxh3 29. Qxf6+ Kh6 30. Nf5+ Kh5 31. Ng7+ Kh6 32. Rff5 Bf1 33. Rh5+
1-0

[Event "40. Turnaj sachovych nadeji - Pobeskydi Open"]
[Site "ND Frydek-Mistek, Czech Republic"]
[Date "2019.04.20"]
[Round "6"]
[White "Nezval, Filip"]
[Black "Adamczewski, Maciej"]
[Result "0-1"]
[WhiteElo "1830"]
[BlackElo "2086"]
[PlyCount "0"]
[EventDate "2019.04.18"]

1. Nf3 Nf6 2. g3 g6 3. b3 Bg7 4. Bb2 d6 5. d4 c6 6. Bg2 Qc7 7. c4 Bg4 8. Nc3
Bxf3 9. Bxf3 a6 10. d5 Qa5 11. Qd2 O-O 12. Ne4 Qxd2+ 13. Nxd2 cxd5 14. Bxd5
Nxd5 15. Bxg7 Kxg7 16. cxd5 Rc8 17. e4 Nd7 18. Ke2 Rc3 19. Rhc1 Rac8 20. Kd1
Ne5 21. Nc4 Rxc1+ 22. Rxc1 Nd3 23. Rc2 b5 24. Nxd6 Nxf2+ 25. Rxf2 exd6 26. Kd2
h5 27. h3 b4 28. Rf3 Rc5 29. g4 hxg4 30. hxg4 Ra5 31. Kd3 Rxa2 32. Kc4 a5 33.
Kb5 Kf8 34. g5 Ke7 35. Kc6 Rc2+ 36. Kb5 Rc3 37. Rf4 Rxb3 38. Kxa5 Rb1 39. Rg4
b3 40. Kb4 f6 41. gxf6+ Kxf6 42. Kc3 g5 43. Kd3 Rc1 44. Rg2 g4 45. Rb2 g3 46.
Ke3 Ke5 47. Kf3 Rc3+ 48. Kg4 Kxe4 49. Kg5 Kf3 0-1

[Event "40. Turnaj sachovych nadeji - Pobeskydi Open"]
[Site "ND Frydek-Mistek, Czech Republic"]
[Date "2019.04.20"]
[Round "6"]
[White "Babula, Vlastimil"]
[Black "Atmani, Amine"]
[Result "1/2-1/2"]
[WhiteElo "2074"]
[BlackElo "1785"]
[PlyCount "0"]
[EventDate "2019.04.18"]

1. e4 e6 2. d4 d5 3. Nc3 Nf6 4. e5 Nfd7 5. Nce2 c5 6. c3 Nc6 7. f4 cxd4 8. cxd4
Nb6 9. b3 Bb4+ 10. Bd2 Qe7 11. Nf3 Bd7 12. Nc3 Rc8 13. Rc1 a6 14. Bd3 f5 15.
exf6 Qxf6 16. Ne2 Ba3 17. Rc2 Nb4 18. Rxc8+ Nxc8 19. Bb1 Bb5 20. Be3 Nd6 21.
Nc3 Nc6 22. Nxb5 Nxb5 23. O-O Bb2 24. Qd2 Nbxd4 25. Ng5 Bc3 26. Qd1 Nf5 27. Bc5
Bd4+ 28. Bxd4 Qxd4+ 29. Qxd4 Ncxd4 30. Nxe6 Nxe6 31. Bxf5 Nc7 32. g3 Ke7 33.
Kf2 Kd6 34. Ke3 h6 35. Bg6 Rd8 36. Kd3 Rd7 37. f5 Re7 38. f6 gxf6 39. Rxf6+ Re6
40. Rxe6+ Kxe6 41. a4 b6 42. Kd4 Kd6 43. Bf7 b5 44. g4 bxa4 45. bxa4 a5 46. h4
Ne6+ 47. Bxe6 Kxe6 48. g5 hxg5 49. hxg5 Kf5 50. Kxd5 Kxg5 51. Kc5 Kf6 52. Kd6
Kf7 53. Kc6 1/2-1/2

[Event "40. Turnaj sachovych nadeji - Pobeskydi Open"]
[Site "ND Frydek-Mistek, Czech Republic"]
[Date "2019.04.20"]
[Round "6"]
[White "Miculka, Petr"]
[Black "Kurek, Pavel"]
[Result "1-0"]
[WhiteElo "2041"]
[BlackElo "1665"]
[PlyCount "0"]
[EventDate "2019.04.18"]

1. e4 c5 2. Nf3 e6 3. d3 Nc6 4. Nbd2 d5 5. g3 Nf6 6. Bg2 Be7 7. O-O O-O 8. Re1
Re8 9. e5 Nd7 10. Qe2 Qc7 11. Nf1 b5 12. h4 f6 13. exf6 Bxf6 14. Ng5 Bxg5 15.
hxg5 Bb7 16. Bf4 Qd8 17. c3 Nf8 18. d4 cxd4 19. Qxb5 Qd7 20. Rad1 a6 21. Qc5
dxc3 22. bxc3 Rad8 23. c4 Qe7 24. Qb6 Qb4 25. Bc7 Qxb6 26. Bxb6 Rd7 27. cxd5
Nb4 28. dxe6 Rxd1 29. Rxd1 Bxg2 30. Kxg2 Nxa2 31. Ba5 Rxe6 32. Ra1 Re2 33. Nd2
Ne6 34. Rxa2 Nxg5 35. Ra4 Kf7 36. Nf3 Nxf3 37. Kxf3 Re6 38. Rb4 g5 39. Rb6 h5
40. Rxe6 Kxe6 41. Ke4 h4 42. g4 Kf6 43. Bc7 Kg6 44. Bd8 Kh6 45. Kf5 h3 46.
Bxg5+ Kg7 47. Bf4 a5 48. Ke4 Kf6 49. Kf3 a4 50. Kg3 a3 51. Bc1 a2 52. Bb2+ Kg6
53. f4 h2 54. Kxh2 Kf7 55. f5 Kg8 56. g5 Kf7 57. g6+ Kf8 58. f6 Kg8 59. f7+ Kf8
60. Ba3+ Kg7 1-0

[Event "40. Turnaj sachovych nadeji - Pobeskydi Open"]
[Site "ND Frydek-Mistek, Czech Republic"]
[Date "2019.04.20"]
[Round "6"]
[White "Mrazik, Tomas"]
[Black "Strnad, Michael"]
[Result "1-0"]
[WhiteElo "1991"]
[BlackElo "1605"]
[PlyCount "0"]
[EventDate "2019.04.18"]

1. e4 c5 2. Nc3 g6 3. f4 Bg7 4. Nf3 d6 5. Rb1 Nc6 6. Bb5 e6 7. Bxc6+ bxc6 8. d3
Ne7 9. Be3 O-O 10. O-O Qa5 11. Qe1 Qc7 12. Qh4 Rb8 13. f5 exf5 14. Bh6 f6 15.
Bxg7 Kxg7 16. h3 d5 17. g4 fxg4 18. hxg4 Qf4 19. Nh2 Qh6 20. Qg3 Rb7 21. Na4
Rb5 22. Qd6 Rf7 23. Rbe1 Qg5 24. e5 f5 25. e6 Rf8 26. Nxc5 Rxb2 27. Nd7 Rxc2
28. Nxf8 Kxf8 29. Rf2 Rxf2 30. Kxf2 Qh4+ 31. Kf1 Ba6 32. Re3 fxg4 33. Qf4+ Ke8
34. Nxg4 Qh1+ 35. Kf2 Qh4+ 36. Ke2 Nf5 37. Qb8+ Qd8 38. Qxa7 1-0

[Event "40. Turnaj sachovych nadeji - Pobeskydi Open"]
[Site "ND Frydek-Mistek, Czech Republic"]
[Date "2019.04.20"]
[Round "6"]
[White "Svizensky, Lubos"]
[Black "Kostecki, Samuel"]
[Result "1/2-1/2"]
[WhiteElo "1972"]
[BlackElo "1598"]
[PlyCount "0"]
[EventDate "2019.04.18"]

1. d4 Nf6 2. c4 c5 3. d5 b5 4. Nd2 bxc4 5. e4 c3 6. bxc3 g6 7. Ngf3 Bg7 8. Qc2
O-O 9. Rb1 d6 10. h3 e6 11. c4 Qe7 12. Kd1 Bd7 13. Bd3 Na6 14. a3 Rfb8 15. Re1
Qe8 16. Qa2 Qd8 17. Ke2 Qa5 18. Nb3 Qa4 19. Qc2 Rb7 20. Nbd2 Rab8 21. Rxb7 Rxb7
22. Nb1 Ne8 23. Kd2 Qa5+ 24. Ke2 Qa4 25. Kd2 Qa5+ 26. Ke2 Qa4 1/2-1/2

[Event "40. Turnaj sachovych nadeji - Pobeskydi Open"]
[Site "ND Frydek-Mistek, Czech Republic"]
[Date "2019.04.20"]
[Round "6"]
[White "Day, Timothy"]
[Black "Vantuch, Lucian"]
[Result "0-1"]
[WhiteElo "1513"]
[BlackElo "1964"]
[PlyCount "0"]
[EventDate "2019.04.18"]

1. e4 c5 2. a3 e6 3. b4 cxb4 4. axb4 Bxb4 5. Bb2 Nf6 6. e5 Nd5 7. c4 Ne7 8. Qg4
O-O 9. Bd3 Nbc6 10. Nf3 h6 11. Nc3 d6 12. Ne4 dxe5 13. Nf6+ Kh8 14. Qe4 Ng6 15.
Nh4 Qxf6 16. Nxg6+ Qxg6 17. Qf3 f5 18. Bc2 Nd4 19. Bxd4 exd4 20. Rb1 a5 21. h4
e5 22. O-O Bxd2 23. h5 Qc6 24. Qa3 Be6 25. Qe7 Rae8 26. Qxb7 Qxb7 27. Rxb7 Bxc4
28. Rd1 Bc3 29. Rc7 Rc8 30. Rxc8 Rxc8 31. Bxf5 Rb8 32. Bc2 Rb4 0-1

[Event "40. Turnaj sachovych nadeji - Pobeskydi Open"]
[Site "ND Frydek-Mistek, Czech Republic"]
[Date "2019.04.21"]
[Round "7"]
[White "Walek, Petr"]
[Black "Broz, Petr"]
[Result "1-0"]
[WhiteElo "2241"]
[BlackElo "1805"]
[PlyCount "0"]
[EventDate "2019.04.18"]

1. e4 e6 2. d4 d5 3. Nc3 Nf6 4. e5 Nfd7 5. f4 c5 6. Nf3 Nc6 7. Be3 Be7 8. Qd2
O-O 9. dxc5 Bxc5 10. Bxc5 Nxc5 11. O-O-O a6 12. Nd4 Qc7 13. h4 b5 14. Nxc6 Qxc6
15. Ne2 Ne4 16. Qe3 b4 17. Nd4 Qa4 18. Kb1 Bd7 19. Bd3 Nc3+ 20. bxc3 bxc3 21.
Ka1 Rfb8 22. Rb1 Rb5 23. Rb3 Ra5 24. a3 Qxa3+ 25. Rxa3 Rxa3+ 26. Kb1 Rb8+ 27.
Nb3 1-0

[Event "40. Turnaj sachovych nadeji - Pobeskydi Open"]
[Site "ND Frydek-Mistek, Czech Republic"]
[Date "2019.04.21"]
[Round "7"]
[White "Barak, David"]
[Black "Burdalev, Kirill"]
[Result "0-1"]
[WhiteElo "1979"]
[BlackElo "2389"]
[PlyCount "0"]
[EventDate "2019.04.18"]

1. d4 c5 2. d5 e5 3. e4 d6 4. Nc3 a6 5. a4 Be7 6. Nf3 Bg4 7. g3 Bxf3 8. Qxf3
Bg5 9. Qg4 Bxc1 10. Rxc1 g6 11. Bh3 Nf6 12. Qe2 h5 13. f4 Qe7 14. Kd2 Nbd7 15.
Rcf1 O-O 16. Bxd7 Nxd7 17. f5 Qg5+ 18. Qe3 Qxe3+ 19. Kxe3 Kg7 20. b3 b6 21. Rf2
Nf6 22. h3 Rab8 23. Ra1 h4 24. g4 Nh7 25. Ne2 Rfc8 26. Kd3 c4+ 27. bxc4 Rc5 28.
Rb1 Ng5 29. fxg6 fxg6 30. Ng1 Rbc8 31. Rxb6 Rxc4 32. Rc6 Rd4+ 33. Ke2 Rxe4+ 34.
Kd1 Rxc6 35. dxc6 Rxa4 36. Nf3 Nxf3 37. Rxf3 Rc4 38. Kd2 Rxc6 39. Kd3 d5 40.
Rf1 Rf6 41. Ra1 Rf3+ 42. Ke2 Rxh3 43. Rxa6 Rh2+ 44. Kd3 Rg2 45. Re6 e4+ 46. Kd4
Rd2+ 47. Ke5 Kh6 48. Kf4 Rxc2 49. Re5 Rf2+ 50. Ke3 Rf3+ 51. Ke2 Rd3 0-1